| 000 | 00354cam a22001217a 4500 | ||
|---|---|---|---|
| 008 | 180718b1957 xxu||||| |||| 00| 0 eng d | ||
| 082 | _aB141x54 K965 | ||
| 100 | _aKuppuswamy, B. | ||
| 245 |
_aA study of opinion regarding marriage and divorce _cby B. Kuppuswamy |
||
| 260 |
_aBombay _bAsia _c1957 |
||
| 300 | _a71p. | ||
| 650 | _aMarriage and Divorce - India | ||
| 999 |
_c369937 _d369937 |
||